15 Largest Cities in Lebanon🇱🇧 - Statistics

General Stats
  • This quiz has been taken 144 times
  • The average score is 8 of 15
Answer Stats
Population City % Correct
1.9 mil Beirut
100%
229k Tripoli
97%
135k Tyre
92%
163k Sidon
88%
20k Jbail
74%
96k Jounieh
74%
30k Baalbek
70%
78k Zahle
65%
10k Batroun
60%
9k Baabda
34%
120k Nabatiye et Tahta
30%
98k Habbouch
13%
20k Bcharre
11%
4k Halba
9%
24k En Naqoura
1%
No matching quizzes found
Score Distribution
Percent of People with Each Score
Percentile by Number Answered
Your Score History
You have not taken this quiz